000 00321nam a2200109Ia 4500
008 171211s9999 xx 000 0 und d
245 _aWizard How To Draw: Advanced Techniques
245 _cAndrew Kardon and Mike Searle
260 _c2006
650 _xDrawing
856 _uhttp://down.ebook777.com/005/978-0977861347.pdf
999 _c348026
_d348026